000 01193 a2200205 4500
001 63518
005 20260407155933.0
008 260407a1974 arg spa d
003 AR-UNSa-BCEJYS
040 _aAR-UNSa-BCEJYS
_bspa
_cAR-UNSa-BCEJYS
080 _a004.42
_xProgramación de ordenadores. Programas de ordenador
245 1 0 _aProcesamiento de información
264 1 _aBuenos Aires :
_bEl Ateneo
_c1974
300 _axiii, 334 p.
_c22 cm.
505 _a1. El desarrollo histórico del procesamiento de información – 2. La tarjeta perforada y el equipo de registro unitario – 3. Elementos del pensamiento respecto de la solución de problemas: el hombre y la computadora – 4. Representación de datos – 5. Elementos y funciones – 6. El “HARDWARE” – 7. Aritmética binaria y hexadecimal – 8. Lógica y redes de conmutación – 9. Decisiones programadas – 10. Archivos: organización y mantenimiento – 11. Programación – 12. Lenguajes de programación – 13. Tiempo compartido – 14. Sistemas empresariales – 15. Analistas de sistemas –
041 _aspa
942 _cBK
590 _aniveau_biblio:m niveau_hierar:0
100 1 _aClark, Frank J.
999 _c8203
_d8203